000
00254nam a2200097Ia 4500
008
230915s9999 xx 000 0 und d
050
_a
KSK 2461 .K 35 2009
100
_a
Kaluma,Peter
245
0
_a
Judicial Review Law Procedure and Practice
942
_c
BK
999
_c
166204
_d
166204